| 000 | 00661nam a22002177a 4500 | ||
|---|---|---|---|
| 003 | OSt | ||
| 005 | 20161026182914.0 | ||
| 008 | 160601b xxu||||| |||| 00| 0 eng d | ||
| 020 | _a9788180616235 | ||
| 020 | _a1860162215 | ||
| 040 | _cDNLM | ||
| 082 | _aWG100M467j 2004. | ||
| 100 |
_aEditor John, D. Firth; Polkey,I.Micheal;Roberts,R.Paul;. _99191 |
||
| 245 |
_aMedical Masterclass: _bCardiology and respiratory Medicine. |
||
| 260 |
_aLondon; _bRoyal college of Physicians, _c 2004. |
||
| 300 |
_axi, 284p; _bcol.ill: _c30cm. |
||
| 504 | _aIndex included | ||
| 650 |
_aClinical Skills. _92563 |
||
| 650 |
_aDermatology MCQS _99192 |
||
| 942 |
_2z _cO_SHELF |
||
| 999 |
_c4537 _d4537 |
||